[Event "Almansa op-B 6th"]
[Site "Almansa"]
[Date "2011.08.13"]
[Round "8.15"]
[White "Gomez Salinas, Nestor"]
[Black "Cano Manrique, Carlos"]
[Result "1-0"]
[WhiteElo "1912"]
[BlackElo "1739"]
[PlyCount "73"]
[EventDate "2011.08.09"]
[EventType "swiss"]
[EventRounds "9"]
[EventCountry "ESP"]
[SourceTitle "EXT 2024"]
[Source "ChessBase"]
[SourceDate "2023.10.10"]
[SourceVersion "1"]
[SourceVersionDate "2023.10.10"]
[SourceQuality "1"]

1. e4 g6 2. d4 Bg7 3. Nf3 d6 4. Nc3 Nf6 5. h3 0-0 6. Be3 b6 7. Be2 c5 8. d5 Na6 9. Qd2 Nc7 10. a4 Bd7 11. Bh6 a6 12. Bxg7 Kxg7 13. Qe3 b5 14. b3 b4 15. Nd1 Bc8 16. Nb2 a5 17. Rd1 Ra7 18. Nc4 Bb7 19. Nh2 Nd7 20. h4 Nf6 21. h5 Nce8 22. hxg6 fxg6 23. Ng4 Rh8 24. Qh6+ Kf7 25. Qf4 Kg7 26. Qh6+ Kf7 27. Nxf6 Nxf6 28. Qf4 Kg7 29. Bg4 h5 30. Be6 Rf8 31. Qe3 Bc8 32. Bxc8 Qxc8 33. f3 Rh8 34. Qg5 Qd8 35. e5 Ne8 36. f4 Qc8 37. Ne3 1-0

[Event "Almansa op-B 6th"]
[Site "Almansa"]
[Date "2011.08.10"]
[Round "2.10"]
[White "Gonzalez Lopez, Julian"]
[Black "Cano Manrique, Carlos"]
[Result "1-0"]
[WhiteElo "1948"]
[BlackElo "1739"]
[PlyCount "93"]
[EventDate "2011.08.09"]
[EventType "swiss"]
[EventRounds "9"]
[EventCountry "ESP"]
[SourceTitle "EXT 2024"]
[Source "ChessBase"]
[SourceDate "2023.10.10"]
[SourceVersion "1"]
[SourceVersionDate "2023.10.10"]
[SourceQuality "1"]

1. d4 d5 2. c4 e6 3. Nc3 f5 4. Nf3 c6 5. Bg5 Be7 6. Bxe7 Qxe7 7. e3 Nf6 8. Qc2 0-0 9. Bd3 Ne4 10. Ne5 Nd7 11. Nxd7 Bxd7 12. 0-0 Rae8 13. f3 Nxc3 14. Qxc3 Rf6 15. f4 h6 16. b4 g5 17. a4 g4 18. b5 Rf7 19. c5 h5 20. Rfb1 h4 21. Rb2 h3 22. g3 Kh8 23. Qa5 Ra8 24. Qc7 Be8 25. Qe5+ Qf6 26. Qxf6+ Rxf6 27. bxc6 Bxc6 28. Bb5 Rf7 29. Bxc6 bxc6 30. a5 a6 31. Rab1 Raa7 32. Rb8+ Kg7 33. Rc8 Rfc7 34. Rxc7+ Rxc7 35. Rb6 Kf7 36. Rxa6 Ke7 37. Kf1 Kd7 38. Ke2 Rb7 39. Rb6 Kc7 40. Kd3 Ra7 41. a6 Ra8 42. Kc3 Rb8 43. Kb4 Ra8 44. Rb7+ Kc8 45. Ka5 Rb8 46. Rxb8+ Kxb8 47. Kb6 1-0

[Event "Andalucia-ch U14 1011"]
[Site "Almeria"]
[Date "2011.03.25"]
[Round "1.8"]
[White "Cano Manrique, Carlos"]
[Black "Hernandez Navas, Ivan"]
[Result "1-0"]
[WhiteElo "1754"]
[BlackElo "1375"]
[PlyCount "81"]
[EventDate "2011.03.25"]
[EventType "swiss"]
[EventRounds "9"]
[EventCountry "ESP"]
[SourceTitle "EXT 2024"]
[Source "ChessBase"]
[SourceDate "2023.10.10"]
[SourceVersion "1"]
[SourceVersionDate "2023.10.10"]
[SourceQuality "1"]

1. e4 e5 2. Nf3 Nc6 3. Bb5 d6 4. d4 Bg4 5. d5 a6 6. dxc6 bxc6 7. Bxc6+ Ke7 8. Bxa8 Qxa8 9. Qd5 c6 10. Qd3 Nf6 11. h3 Bh5 12. 0-0 Bg6 13. Nc3 d5 14. Nxe5 Bxe4 15. Nxe4 dxe4 16. Qc3 c5 17. Qxc5+ Ke6 18. Qc6+ Bd6 19. Qxa8 Rxa8 20. Nc4 Bc5 21. Be3 Be7 22. Rac1 Rc8 23. b3 Nd5 24. Nb6 Rxc2 25. Nxd5 Kxd5 26. Rcd1+ Kc6 27. Rc1 Rxc1 28. Rxc1+ Kd5 29. Rc7 Ke6 30. Rc6+ Kd5 31. Rxa6 Bb4 32. Kf1 f5 33. a3 Bc3 34. a4 h6 35. a5 g5 36. Ke2 f4 37. Ba7 h5 38. Rb6 Bxa5 39. Rb5+ Ke6 40. Rxa5 g4 41. Rxh5 1-0